000 00592nam a2200205Ii 4500
003 JO-AjNU
008 230606s9999||||xx |||||||||||||| ||und||
020 _a978-0-07-121372-4
040 _aJO-AjNU
_beng
_erda
_cJO-AjNU
041 _aeng
050 1 4 _aPE1119.2003
100 3 _aBushell, Brenda, Brenda Dyer,
_eauthor
_96392
245 0 0 _aGlobal Outlook High Intermediate Reading, 1
264 3 1 _aBostion: Mc Graw Hill,2003
300 _a195p
336 _atext
_btxt
_2rdacontent
337 _aunmediated
_bn
_2rdamedia
338 _avolume
_bnc
_2rdacarrier
650 4 _aReading
_96393
999 _aE3314
_c3310
_d3310